African traditional religion in the modern world / (Record no. 120209)
[ view plain ]
| 000 -LEADER | |
|---|---|
| fixed length control field | 02005cam a22003854a 4500 |
| 001 - CONTROL NUMBER | |
| control field | 5091816 |
| 003 - CONTROL NUMBER IDENTIFIER | |
| control field | ARRUPE |
| 005 - DATE AND TIME OF LATEST TRANSACTION | |
| control field | 20150320020006.0 |
| 008 - FIXED-LENGTH DATA ELEMENTS--GENERAL INFORMATION | |
| fixed length control field | 031103s2005 ncu b 001 0 eng |
| 010 ## - LIBRARY OF CONGRESS CONTROL NUMBER | |
| LC control number | 2005002537 |
| 020 ## - INTERNATIONAL STANDARD BOOK NUMBER | |
| International Standard Book Number | 0786418354 (softcover : alk. paper) |
| 024 ## - OTHER STANDARD IDENTIFIER | |
| Standard number or code | V8-J94411 |
| 035 ## - SYSTEM CONTROL NUMBER | |
| System control number | (OCoLC)57641229 |
| 035 ## - SYSTEM CONTROL NUMBER | |
| System control number | (OCoLC)ocm57641229 |
| 035 ## - SYSTEM CONTROL NUMBER | |
| System control number | (DLC) 2005002537 |
| 035 ## - SYSTEM CONTROL NUMBER | |
| System control number | (NNC)5091816 |
| 040 ## - CATALOGING SOURCE | |
| Original cataloging agency | DLC |
| Transcribing agency | DLC |
| Modifying agency | DLC |
| -- | OrLoB-B |
| 042 ## - AUTHENTICATION CODE | |
| Authentication code | pcc |
| 043 ## - GEOGRAPHIC AREA CODE | |
| Geographic area code | f------ |
| 050 00 - LIBRARY OF CONGRESS CALL NUMBER | |
| Classification number | BL2400 |
| Item number | .T47 2005 |
| 082 00 - DEWEY DECIMAL CLASSIFICATION NUMBER | |
| Classification number | 299.6 |
| Edition number | 22 |
| 300 ## - PHYSICAL DESCRIPTION | |
| Dimensions | 23 cm. |
| 100 1# - MAIN ENTRY--PERSONAL NAME | |
| Personal name | Thomas, Douglas E. |
| 9 (RLIN) | 9113 |
| 245 10 - TITLE STATEMENT | |
| Title | African traditional religion in the modern world / |
| Statement of responsibility, etc | Douglas E. Thomas. |
| 260 ## - PUBLICATION, DISTRIBUTION, ETC. (IMPRINT) | |
| Place of publication, distribution, etc | Jefferson, N.C. : |
| Name of publisher, distributor, etc | McFarland, |
| Date of publication, distribution, etc | 2005. |
| 300 ## - PHYSICAL DESCRIPTION | |
| Extent | 203 p. ; |
| 504 ## - BIBLIOGRAPHY, ETC. NOTE | |
| Bibliography, etc | Includes bibliographical references (p. 193-198) and index. |
| 505 00 - FORMATTED CONTENTS NOTE | |
| Miscellaneous information | 1. |
| Title | The theological role of culture in African religion -- |
| Miscellaneous information | 2. |
| Title | African culture and Western attitudes toward African religion -- |
| Miscellaneous information | 3. |
| Title | African tradition and the culture of religion -- |
| Miscellaneous information | 4. |
| Title | African culture and the philosophy of religion -- |
| Miscellaneous information | 5. |
| Title | Conclusion. |
| 520 1# - SUMMARY, ETC. | |
| Summary, etc | "This study examines the nature of African traditional religion in an effort to determine the common attributes of the religion of the continent, focusing on the West African experience. This study analyzes concepts in African traditional religion by isolating key elements in the Yoruba, Dagara, and Ibo cultures. Principal elements isolated include sacrifice, salvation, revelation and divination, as well as African resilience in the face of invasions, colonization and various outside religious assaults. The study also considers the influence of Christianity and Islam."--BOOK JACKET. |
| 650 #0 - SUBJECT ADDED ENTRY--TOPICAL TERM | |
| Topical term or geographic name as entry element | Christianity |
| General subdivision | Influence. |
| 9 (RLIN) | 9114 |
| 650 #0 - SUBJECT ADDED ENTRY--TOPICAL TERM | |
| Topical term or geographic name as entry element | Islam |
| General subdivision | Influence. |
| 9 (RLIN) | 9115 |
| 651 #0 - SUBJECT ADDED ENTRY--GEOGRAPHIC NAME | |
| Geographic name | Africa |
| General subdivision | Religion. |
| 9 (RLIN) | 9116 |
| 856 41 - ELECTRONIC LOCATION AND ACCESS | |
| Materials specified | Table of contents |
| Uniform Resource Identifier | <a href="http://www.loc.gov/catdir/toc/ecip057/2005002537.html">http://www.loc.gov/catdir/toc/ecip057/2005002537.html</a> |
| 900 ## - EQUIVALENCE OR CROSS-REFERENCE-PERSONAL NAME [LOCAL, CANADA] | |
| Numeration | TOC |
| 942 ## - ADDED ENTRY ELEMENTS (KOHA) | |
| Source of classification or shelving scheme | Library of Congress Classification |
| Koha item type | Monograph ( Printed materials) |
| Koha issues (borrowed), all copies | 3 |
| Withdrawn status | Lost status | Source of classification or shelving scheme | Damaged status | Not for loan | Collection code | Home library | Current library | Shelving location | Date acquired | Total Checkouts | Full call number | Barcode | Date last seen | Date checked out | Price effective from | Koha item type |
|---|---|---|---|---|---|---|---|---|---|---|---|---|---|---|---|---|
| Library of Congress Classification | Main Collection | ARRUPE LIBRARY | ARRUPE LIBRARY | Main Collection | 18/03/2014 | 12 | BL2400 .T47 2005 | 46500001967 | 27/02/2017 | 23/11/2016 | 18/03/2014 | Monograph ( Printed materials) |